Rogangal: lakshanangalum prathividhikalum / | രോഗങ്ങള്: ലക്ഷണങ്ങളും പ്രതിവിധികളും (Record no. 19513)
[ view plain ]
| 000 -LEADER | |
|---|---|
| fixed length control field | 00464nam a22001457a 4500 |
| 003 - CONTROL NUMBER IDENTIFIER | |
| control field | OSt |
| 008 - FIXED-LENGTH DATA ELEMENTS--GENERAL INFORMATION | |
| fixed length control field | 250903b |||||||| |||| 00| 0 eng d |
| 041 ## - LANGUAGE CODE | |
| Language code of text/sound track or separate title | mal |
| 082 ## - DEWEY DECIMAL CLASSIFICATION NUMBER | |
| Classification number | 616 |
| Item number | SAD/RO |
| 100 ## - MAIN ENTRY--AUTHOR NAME | |
| Personal name | Sadasivan, G |
| 245 ## - TITLE STATEMENT | |
| Title | Rogangal: lakshanangalum prathividhikalum / |
| Remainder of title | രോഗങ്ങള്: ലക്ഷണങ്ങളും പ്രതിവിധികളും |
| 260 ## - PUBLICATION, DISTRIBUTION, ETC. (IMPRINT) | |
| Place of publication | Kayamkulam : |
| Name of publisher | Sithara Books, |
| 650 ## - SUBJECT ADDED ENTRY--TOPICAL TERM | |
| Topical Term | Health |
| 942 ## - ADDED ENTRY ELEMENTS (KOHA) | |
| Koha item type | Books |
| Withdrawn status | Lost status | Damaged status | Home library | Current library | Date acquired | Source of acquisition | Cost, normal purchase price | Full call number | Accession Number | Koha item type |
|---|---|---|---|---|---|---|---|---|---|---|
| KAUAET | KAUAET | 03/09/2025 | Donated by KT Jaleel MLA | 150.00 | 616 SAD/RO | 26314 | Books |
